<?xml version="1.0" encoding="UTF-8"?>
<record
    xmlns:xsi="http://www.w3.org/2001/XMLSchema-instance"
    xsi:schemaLocation="http://www.loc.gov/MARC21/slim http://www.loc.gov/standards/marcxml/schema/MARC21slim.xsd"
    xmlns="http://www.loc.gov/MARC21/slim">

  <leader>02038aam a2200385 i 4500</leader>
  <controlfield tag="001">986297</controlfield>
  <controlfield tag="003">CO-MdUADB</controlfield>
  <controlfield tag="005">20260507072758.0</controlfield>
  <controlfield tag="007">ta</controlfield>
  <controlfield tag="008">060727m20062007ck do  fr          dspa  </controlfield>
  <datafield tag="020" ind1=" " ind2=" ">
    <subfield code="a">9586559629</subfield>
    <subfield code="q">ISBN-10</subfield>
  </datafield>
  <datafield tag="020" ind1=" " ind2=" ">
    <subfield code="a">9789586559629</subfield>
    <subfield code="q">ISBN-13</subfield>
  </datafield>
  <datafield tag="035" ind1=" " ind2=" ">
    <subfield code="a">986297</subfield>
  </datafield>
  <datafield tag="035" ind1=" " ind2=" ">
    <subfield code="a">(OCoLC)777643900</subfield>
  </datafield>
  <datafield tag="040" ind1=" " ind2=" ">
    <subfield code="a">CO-MdUADB</subfield>
    <subfield code="b">spa</subfield>
    <subfield code="c">CO-MdUADB</subfield>
    <subfield code="e">rda</subfield>
  </datafield>
  <datafield tag="041" ind1="0" ind2=" ">
    <subfield code="a">spa</subfield>
  </datafield>
  <datafield tag="082" ind1="7" ind2="4">
    <subfield code="a">516</subfield>
  </datafield>
  <datafield tag="100" ind1="1" ind2=" ">
    <subfield code="a">Londo&#xF1;o Santamar&#xED;a, Jos&#xE9; Rodolfo</subfield>
    <subfield code="e">aut</subfield>
    <subfield code="9">255017</subfield>
  </datafield>
  <datafield tag="245" ind1="1" ind2="0">
    <subfield code="a">Geometr&#xED;a euclidiana /</subfield>
    <subfield code="c">Jos&#xE9; Rodolfo Londo&#xF1;o Santamar&#xED;a</subfield>
  </datafield>
  <datafield tag="250" ind1=" " ind2=" ">
    <subfield code="a">3.&#xAA; edici&#xF3;n</subfield>
  </datafield>
  <datafield tag="264" ind1=" " ind2="1">
    <subfield code="a">Medell&#xED;n :</subfield>
    <subfield code="b">Editorial Universidad de Antioquia,</subfield>
    <subfield code="c">2006-2007.</subfield>
  </datafield>
  <datafield tag="300" ind1=" " ind2=" ">
    <subfield code="a">547 p&#xE1;ginas :</subfield>
    <subfield code="b">gr&#xE1;ficas, fotograf&#xED;as.</subfield>
  </datafield>
  <datafield tag="336" ind1=" " ind2=" ">
    <subfield code="2">rdacontent</subfield>
    <subfield code="a">texto</subfield>
    <subfield code="b">txt</subfield>
  </datafield>
  <datafield tag="337" ind1=" " ind2=" ">
    <subfield code="a">no mediado</subfield>
  </datafield>
  <datafield tag="338" ind1=" " ind2=" ">
    <subfield code="a">volumen</subfield>
  </datafield>
  <datafield tag="490" ind1="0" ind2=" ">
    <subfield code="a">Ude@ Educaci&#xF3;n a Distancia para Ser, Saber y Saber Hacer</subfield>
  </datafield>
  <datafield tag="504" ind1=" " ind2=" ">
    <subfield code="a">Incluye bibliograf&#xED;a.</subfield>
  </datafield>
  <datafield tag="505" ind1=" " ind2=" ">
    <subfield code="t">1. Algunos m&#xE9;todos de demostraci&#xF3;n --</subfield>
    <subfield code="t">2. Elementos b&#xE1;sicos de la geometr&#xED;a --</subfield>
    <subfield code="t">3. Tri&#xE1;ngulo --</subfield>
    <subfield code="t">4. Cuadril&#xE1;teros --</subfield>
    <subfield code="t">5. Circunferencia --</subfield>
    <subfield code="t">6. Relaciones m&#xE9;tricas --</subfield>
    <subfield code="t">7. &#xC1;reas --</subfield>
    <subfield code="t">8. Construcciones --</subfield>
    <subfield code="t">9. Nociones de geometr&#xED;a en el espacio --</subfield>
    <subfield code="t">10. Poliedros y cuerpos redondos.</subfield>
  </datafield>
  <datafield tag="520" ind1="3" ind2=" ">
    <subfield code="a">El presente libro surgi&#xF3; de una invitaci&#xF3;n hecha por el ingeniero electr&#xF3;nico Guillermo Ospina, coordinador general del Proyecto Ude@, para que sirviera como gu&#xED;a del curso Geometr&#xED;a Euclidiana en el programa de Ingenier&#xED;a de Telecomunicaciones de la Universidad de Antioquia. Por este motivo, no se trata de un estudio exhaustivo de la geometr&#xED;a sino de la presentaci&#xF3;n de unos temas b&#xE1;sicos y elementales acordes con el programa oficial de un curso presencial (Tomado del pr&#xF3;logo).</subfield>
  </datafield>
  <datafield tag="650" ind1="1" ind2="7">
    <subfield code="a">Geometr&#xED;a plana</subfield>
    <subfield code="2">lemb</subfield>
    <subfield code="9">5507</subfield>
  </datafield>
  <datafield tag="650" ind1="1" ind2="7">
    <subfield code="a">Geometr&#xED;a euclidiana</subfield>
    <subfield code="2">armarc</subfield>
    <subfield code="9">37567</subfield>
  </datafield>
  <datafield tag="650" ind1="1" ind2="7">
    <subfield code="a">Geometr&#xED;a</subfield>
    <subfield code="9">5277</subfield>
    <subfield code="2">lemb</subfield>
    <subfield code="x">Problemas, ejercicios, etc.</subfield>
  </datafield>
  <datafield tag="856" ind1="4" ind2=" ">
    <subfield code="u">http://bibliotecadigital.udea.edu.co/dspace/handle/10495/1712</subfield>
  </datafield>
  <datafield tag="942" ind1=" " ind2=" ">
    <subfield code="c">BOOK</subfield>
    <subfield code="2">ddc</subfield>
  </datafield>
  <datafield tag="999" ind1=" " ind2=" ">
    <subfield code="c">385902</subfield>
    <subfield code="d">385902</subfield>
  </datafield>
  <datafield tag="952" ind1=" " ind2=" ">
    <subfield code="0">0</subfield>
    <subfield code="1">0</subfield>
    <subfield code="4">0</subfield>
    <subfield code="7">0</subfield>
    <subfield code="8">GENERAL</subfield>
    <subfield code="a">BSEGO</subfield>
    <subfield code="b">BSEGO</subfield>
    <subfield code="d">2014-01-20</subfield>
    <subfield code="e">Material adquirido por donaci&#xF3;n</subfield>
    <subfield code="i">C1194824</subfield>
    <subfield code="l">0</subfield>
    <subfield code="o">516.22 L847 2007</subfield>
    <subfield code="p">0978148</subfield>
    <subfield code="r">2023-04-26 00:00:00</subfield>
    <subfield code="t">1</subfield>
    <subfield code="w">2023-04-26</subfield>
    <subfield code="y">BOOKR</subfield>
  </datafield>
  <datafield tag="952" ind1=" " ind2=" ">
    <subfield code="0">0</subfield>
    <subfield code="1">0</subfield>
    <subfield code="4">0</subfield>
    <subfield code="7">0</subfield>
    <subfield code="8">GEN</subfield>
    <subfield code="a">BC</subfield>
    <subfield code="b">BC</subfield>
    <subfield code="d">2014-08-14</subfield>
    <subfield code="e">Material adquirido por donaci&#xF3;n</subfield>
    <subfield code="g">28000.00</subfield>
    <subfield code="i">C1210079</subfield>
    <subfield code="l">1</subfield>
    <subfield code="o">516.22 L847 2007 e32</subfield>
    <subfield code="p">1039966</subfield>
    <subfield code="r">2024-06-07 00:00:00</subfield>
    <subfield code="s">2024-04-01</subfield>
    <subfield code="t">2</subfield>
    <subfield code="w">2023-04-26</subfield>
    <subfield code="y">BOOK</subfield>
  </datafield>
  <datafield tag="952" ind1=" " ind2=" ">
    <subfield code="0">0</subfield>
    <subfield code="1">0</subfield>
    <subfield code="4">0</subfield>
    <subfield code="7">0</subfield>
    <subfield code="8">GEN</subfield>
    <subfield code="a">BC</subfield>
    <subfield code="b">BC</subfield>
    <subfield code="d">2014-08-14</subfield>
    <subfield code="e">Material adquirido por donaci&#xF3;n</subfield>
    <subfield code="g">28000.00</subfield>
    <subfield code="i">C1210014</subfield>
    <subfield code="l">0</subfield>
    <subfield code="o">516.22 L847 2007 e31</subfield>
    <subfield code="p">0746036</subfield>
    <subfield code="r">2025-03-15 08:20:51</subfield>
    <subfield code="t">3</subfield>
    <subfield code="w">2023-04-26</subfield>
    <subfield code="y">BOOKR</subfield>
  </datafield>
  <datafield tag="952" ind1=" " ind2=" ">
    <subfield code="0">0</subfield>
    <subfield code="1">0</subfield>
    <subfield code="4">0</subfield>
    <subfield code="7">0</subfield>
    <subfield code="8">GEN</subfield>
    <subfield code="a">BC</subfield>
    <subfield code="b">BC</subfield>
    <subfield code="d">2014-07-31</subfield>
    <subfield code="e">Librer&#xED;a Universidad de Antioquia</subfield>
    <subfield code="g">28000.00</subfield>
    <subfield code="i">C1209049</subfield>
    <subfield code="l">3</subfield>
    <subfield code="m">3</subfield>
    <subfield code="o">516.22 L847 2007 e30</subfield>
    <subfield code="p">0999300</subfield>
    <subfield code="r">2026-02-23 16:27:45</subfield>
    <subfield code="s">2025-09-25</subfield>
    <subfield code="t">4</subfield>
    <subfield code="w">2023-04-26</subfield>
    <subfield code="y">BOOK</subfield>
  </datafield>
  <datafield tag="952" ind1=" " ind2=" ">
    <subfield code="0">0</subfield>
    <subfield code="1">0</subfield>
    <subfield code="2">ddc</subfield>
    <subfield code="4">0</subfield>
    <subfield code="7">0</subfield>
    <subfield code="8">GEN</subfield>
    <subfield code="a">BC</subfield>
    <subfield code="b">BC</subfield>
    <subfield code="d">2014-08-14</subfield>
    <subfield code="e">Material adquirido por donaci&#xF3;n</subfield>
    <subfield code="g">28000.00</subfield>
    <subfield code="i">C1210081</subfield>
    <subfield code="l">5</subfield>
    <subfield code="m">2</subfield>
    <subfield code="o">516.22 L847 2007 e33</subfield>
    <subfield code="p">01098275</subfield>
    <subfield code="r">2026-01-20 09:50:48</subfield>
    <subfield code="s">2025-11-06</subfield>
    <subfield code="t">5</subfield>
    <subfield code="w">2023-04-26</subfield>
    <subfield code="y">BOOK</subfield>
  </datafield>
  <datafield tag="952" ind1=" " ind2=" ">
    <subfield code="0">0</subfield>
    <subfield code="1">0</subfield>
    <subfield code="4">0</subfield>
    <subfield code="7">0</subfield>
    <subfield code="8">GEN</subfield>
    <subfield code="a">BC</subfield>
    <subfield code="b">BC</subfield>
    <subfield code="d">2013-06-25</subfield>
    <subfield code="e">Material adquirido por donaci&#xF3;n</subfield>
    <subfield code="i">C1179448</subfield>
    <subfield code="l">3</subfield>
    <subfield code="m">2</subfield>
    <subfield code="o">516.22 L847 2007 e20</subfield>
    <subfield code="p">0979568</subfield>
    <subfield code="r">2024-09-11 00:00:00</subfield>
    <subfield code="s">2024-03-07</subfield>
    <subfield code="t">6</subfield>
    <subfield code="w">2023-04-26</subfield>
    <subfield code="y">BOOK</subfield>
  </datafield>
  <datafield tag="952" ind1=" " ind2=" ">
    <subfield code="0">0</subfield>
    <subfield code="1">0</subfield>
    <subfield code="4">0</subfield>
    <subfield code="7">0</subfield>
    <subfield code="8">GENERAL</subfield>
    <subfield code="a">SCDM</subfield>
    <subfield code="b">SCDM</subfield>
    <subfield code="d">2012-11-15</subfield>
    <subfield code="e">Material adquirido por donaci&#xF3;n</subfield>
    <subfield code="i">C1162204</subfield>
    <subfield code="l">0</subfield>
    <subfield code="o">516.22 L847 2007 e6</subfield>
    <subfield code="p">91936</subfield>
    <subfield code="r">2023-04-26 00:00:00</subfield>
    <subfield code="t">7</subfield>
    <subfield code="w">2023-04-26</subfield>
    <subfield code="y">BOOK</subfield>
  </datafield>
  <datafield tag="952" ind1=" " ind2=" ">
    <subfield code="0">0</subfield>
    <subfield code="1">0</subfield>
    <subfield code="4">0</subfield>
    <subfield code="7">0</subfield>
    <subfield code="8">GENERAL</subfield>
    <subfield code="a">BSEGO</subfield>
    <subfield code="b">BSEGO</subfield>
    <subfield code="d">2014-01-20</subfield>
    <subfield code="e">Material adquirido por donaci&#xF3;n</subfield>
    <subfield code="i">C1194826</subfield>
    <subfield code="l">0</subfield>
    <subfield code="o">516.22 L847 2007 e2</subfield>
    <subfield code="p">0978145</subfield>
    <subfield code="r">2023-04-26 00:00:00</subfield>
    <subfield code="t">8</subfield>
    <subfield code="w">2023-04-26</subfield>
    <subfield code="y">BOOK</subfield>
  </datafield>
  <datafield tag="952" ind1=" " ind2=" ">
    <subfield code="0">0</subfield>
    <subfield code="1">0</subfield>
    <subfield code="4">0</subfield>
    <subfield code="7">0</subfield>
    <subfield code="8">GENERAL</subfield>
    <subfield code="a">BNORD</subfield>
    <subfield code="b">BNORD</subfield>
    <subfield code="d">2014-01-20</subfield>
    <subfield code="e">Material adquirido por donaci&#xF3;n</subfield>
    <subfield code="i">C1194827</subfield>
    <subfield code="l">4</subfield>
    <subfield code="m">3</subfield>
    <subfield code="o">516.22 L847 2007</subfield>
    <subfield code="p">0988481</subfield>
    <subfield code="r">2024-11-26 00:00:00</subfield>
    <subfield code="s">2024-09-26</subfield>
    <subfield code="t">9</subfield>
    <subfield code="w">2023-04-26</subfield>
    <subfield code="y">BOOK</subfield>
  </datafield>
  <datafield tag="952" ind1=" " ind2=" ">
    <subfield code="0">0</subfield>
    <subfield code="1">0</subfield>
    <subfield code="4">0</subfield>
    <subfield code="7">0</subfield>
    <subfield code="8">GENERAL</subfield>
    <subfield code="a">ANDES</subfield>
    <subfield code="b">ANDES</subfield>
    <subfield code="d">2012-09-03</subfield>
    <subfield code="i">C1153797</subfield>
    <subfield code="l">0</subfield>
    <subfield code="o">516.22 L847 2007</subfield>
    <subfield code="p">0698672</subfield>
    <subfield code="r">2023-04-26 00:00:00</subfield>
    <subfield code="t">10</subfield>
    <subfield code="w">2023-04-26</subfield>
    <subfield code="y">BOOK</subfield>
  </datafield>
  <datafield tag="952" ind1=" " ind2=" ">
    <subfield code="0">0</subfield>
    <subfield code="1">0</subfield>
    <subfield code="4">0</subfield>
    <subfield code="7">0</subfield>
    <subfield code="8">GENERAL</subfield>
    <subfield code="a">BNORD</subfield>
    <subfield code="b">BNORD</subfield>
    <subfield code="d">2014-01-20</subfield>
    <subfield code="e">Material adquirido por donaci&#xF3;n</subfield>
    <subfield code="i">C1194828</subfield>
    <subfield code="l">3</subfield>
    <subfield code="m">4</subfield>
    <subfield code="o">516.22 L847 2007 e2</subfield>
    <subfield code="p">0976420</subfield>
    <subfield code="r">2024-11-14 00:00:00</subfield>
    <subfield code="s">2024-08-03</subfield>
    <subfield code="t">11</subfield>
    <subfield code="w">2023-04-26</subfield>
    <subfield code="y">BOOK</subfield>
  </datafield>
  <datafield tag="952" ind1=" " ind2=" ">
    <subfield code="0">0</subfield>
    <subfield code="1">0</subfield>
    <subfield code="4">0</subfield>
    <subfield code="7">0</subfield>
    <subfield code="8">GEN</subfield>
    <subfield code="a">BC</subfield>
    <subfield code="b">BC</subfield>
    <subfield code="d">2013-06-25</subfield>
    <subfield code="e">Material adquirido por donaci&#xF3;n</subfield>
    <subfield code="i">C1179454</subfield>
    <subfield code="l">3</subfield>
    <subfield code="o">516.22 L847 2007 e22</subfield>
    <subfield code="p">0979567</subfield>
    <subfield code="r">2025-11-12 16:47:48</subfield>
    <subfield code="s">2024-09-09</subfield>
    <subfield code="t">12</subfield>
    <subfield code="w">2023-04-26</subfield>
    <subfield code="y">BOOK</subfield>
  </datafield>
  <datafield tag="952" ind1=" " ind2=" ">
    <subfield code="0">0</subfield>
    <subfield code="1">0</subfield>
    <subfield code="4">0</subfield>
    <subfield code="7">0</subfield>
    <subfield code="8">GENERAL</subfield>
    <subfield code="a">BNORD</subfield>
    <subfield code="b">BC</subfield>
    <subfield code="d">2014-01-20</subfield>
    <subfield code="e">Material adquirido por donaci&#xF3;n</subfield>
    <subfield code="i">C1194831</subfield>
    <subfield code="l">0</subfield>
    <subfield code="o">516.22 L847 2007 e3</subfield>
    <subfield code="p">0988480</subfield>
    <subfield code="r">2025-12-09 14:43:45</subfield>
    <subfield code="t">13</subfield>
    <subfield code="w">2023-04-26</subfield>
    <subfield code="y">BOOK</subfield>
  </datafield>
  <datafield tag="952" ind1=" " ind2=" ">
    <subfield code="0">0</subfield>
    <subfield code="1">0</subfield>
    <subfield code="4">0</subfield>
    <subfield code="7">0</subfield>
    <subfield code="8">GENERAL</subfield>
    <subfield code="a">BAPAR</subfield>
    <subfield code="b">BAPAR</subfield>
    <subfield code="d">2012-11-15</subfield>
    <subfield code="e">Material adquirido por donaci&#xF3;n</subfield>
    <subfield code="i">C1162205</subfield>
    <subfield code="l">9</subfield>
    <subfield code="m">3</subfield>
    <subfield code="o">516.22 L847 2007 e5</subfield>
    <subfield code="p">91935</subfield>
    <subfield code="q">2026-03-24</subfield>
    <subfield code="r">2026-02-10 13:08:24</subfield>
    <subfield code="s">2026-02-10</subfield>
    <subfield code="t">14</subfield>
    <subfield code="w">2023-04-26</subfield>
    <subfield code="y">BOOK</subfield>
  </datafield>
  <datafield tag="952" ind1=" " ind2=" ">
    <subfield code="0">0</subfield>
    <subfield code="1">0</subfield>
    <subfield code="4">0</subfield>
    <subfield code="7">0</subfield>
    <subfield code="8">GEN</subfield>
    <subfield code="a">BC</subfield>
    <subfield code="b">BC</subfield>
    <subfield code="d">2013-06-25</subfield>
    <subfield code="e">Material adquirido por donaci&#xF3;n</subfield>
    <subfield code="i">C1179456</subfield>
    <subfield code="l">1</subfield>
    <subfield code="o">516.22 L847 2007 e23</subfield>
    <subfield code="p">0979564</subfield>
    <subfield code="r">2025-11-07 15:19:11</subfield>
    <subfield code="s">2024-03-21</subfield>
    <subfield code="t">15</subfield>
    <subfield code="w">2023-04-26</subfield>
    <subfield code="y">BOOK</subfield>
  </datafield>
  <datafield tag="952" ind1=" " ind2=" ">
    <subfield code="0">0</subfield>
    <subfield code="1">0</subfield>
    <subfield code="4">0</subfield>
    <subfield code="7">0</subfield>
    <subfield code="8">GENERAL</subfield>
    <subfield code="a">PTOBE</subfield>
    <subfield code="b">PTOBE</subfield>
    <subfield code="d">2012-02-07</subfield>
    <subfield code="i">C1135792</subfield>
    <subfield code="l">0</subfield>
    <subfield code="o">516.22 L847 2008 DVD4 E3</subfield>
    <subfield code="p">0691111</subfield>
    <subfield code="r">2023-04-26 00:00:00</subfield>
    <subfield code="t">16</subfield>
    <subfield code="w">2023-04-26</subfield>
    <subfield code="y">DIGITAL</subfield>
  </datafield>
  <datafield tag="952" ind1=" " ind2=" ">
    <subfield code="0">0</subfield>
    <subfield code="1">0</subfield>
    <subfield code="4">0</subfield>
    <subfield code="7">0</subfield>
    <subfield code="8">GENERAL</subfield>
    <subfield code="a">SCDM</subfield>
    <subfield code="b">SCDM</subfield>
    <subfield code="d">2012-11-15</subfield>
    <subfield code="e">Material adquirido por donaci&#xF3;n</subfield>
    <subfield code="i">C1162206</subfield>
    <subfield code="l">2</subfield>
    <subfield code="o">516.22 L847 2007 e4</subfield>
    <subfield code="p">91933</subfield>
    <subfield code="r">2026-03-02 14:16:05</subfield>
    <subfield code="s">2026-02-19</subfield>
    <subfield code="t">18</subfield>
    <subfield code="w">2023-04-26</subfield>
    <subfield code="y">BOOK</subfield>
  </datafield>
  <datafield tag="952" ind1=" " ind2=" ">
    <subfield code="0">0</subfield>
    <subfield code="1">0</subfield>
    <subfield code="4">0</subfield>
    <subfield code="7">0</subfield>
    <subfield code="8">GEN</subfield>
    <subfield code="a">BC</subfield>
    <subfield code="b">BC</subfield>
    <subfield code="d">2013-06-25</subfield>
    <subfield code="i">C1179458</subfield>
    <subfield code="l">1</subfield>
    <subfield code="o">516.22 L847 2007 e25</subfield>
    <subfield code="p">1015028</subfield>
    <subfield code="r">2025-05-28 12:54:15</subfield>
    <subfield code="s">2024-03-14</subfield>
    <subfield code="t">19</subfield>
    <subfield code="w">2023-04-26</subfield>
    <subfield code="y">BOOK</subfield>
  </datafield>
  <datafield tag="952" ind1=" " ind2=" ">
    <subfield code="0">0</subfield>
    <subfield code="1">0</subfield>
    <subfield code="4">0</subfield>
    <subfield code="7">0</subfield>
    <subfield code="8">GENERAL</subfield>
    <subfield code="a">ANDES</subfield>
    <subfield code="b">ANDES</subfield>
    <subfield code="d">2012-09-03</subfield>
    <subfield code="i">C1153798</subfield>
    <subfield code="l">0</subfield>
    <subfield code="o">516.22 L847 2007 e1</subfield>
    <subfield code="p">0698671</subfield>
    <subfield code="r">2023-04-26 00:00:00</subfield>
    <subfield code="t">20</subfield>
    <subfield code="w">2023-04-26</subfield>
    <subfield code="y">BOOK</subfield>
  </datafield>
  <datafield tag="952" ind1=" " ind2=" ">
    <subfield code="0">0</subfield>
    <subfield code="1">0</subfield>
    <subfield code="4">0</subfield>
    <subfield code="7">0</subfield>
    <subfield code="8">GEN</subfield>
    <subfield code="a">BC</subfield>
    <subfield code="b">BC</subfield>
    <subfield code="d">2013-06-25</subfield>
    <subfield code="e">Material adquirido por donaci&#xF3;n</subfield>
    <subfield code="i">C1179459</subfield>
    <subfield code="l">6</subfield>
    <subfield code="o">516.22 L847 2007 e26</subfield>
    <subfield code="p">0979562</subfield>
    <subfield code="r">2025-07-10 15:46:07</subfield>
    <subfield code="s">2025-06-19</subfield>
    <subfield code="t">21</subfield>
    <subfield code="w">2023-04-26</subfield>
    <subfield code="y">BOOK</subfield>
  </datafield>
  <datafield tag="952" ind1=" " ind2=" ">
    <subfield code="0">0</subfield>
    <subfield code="1">0</subfield>
    <subfield code="4">0</subfield>
    <subfield code="7">0</subfield>
    <subfield code="8">GENERAL</subfield>
    <subfield code="a">SCDM</subfield>
    <subfield code="b">SCDM</subfield>
    <subfield code="d">2012-11-15</subfield>
    <subfield code="e">Material adquirido por donaci&#xF3;n</subfield>
    <subfield code="i">C1162208</subfield>
    <subfield code="l">3</subfield>
    <subfield code="o">516.22 L847 2007 e3</subfield>
    <subfield code="p">91930</subfield>
    <subfield code="q">2026-05-21</subfield>
    <subfield code="r">2026-04-07 12:47:19</subfield>
    <subfield code="s">2026-04-07</subfield>
    <subfield code="t">22</subfield>
    <subfield code="w">2023-04-26</subfield>
    <subfield code="y">BOOK</subfield>
  </datafield>
  <datafield tag="952" ind1=" " ind2=" ">
    <subfield code="0">0</subfield>
    <subfield code="1">0</subfield>
    <subfield code="4">0</subfield>
    <subfield code="7">0</subfield>
    <subfield code="8">GENERAL</subfield>
    <subfield code="a">PTOBE</subfield>
    <subfield code="b">PTOBE</subfield>
    <subfield code="d">2011-03-04</subfield>
    <subfield code="e">Cooprudea</subfield>
    <subfield code="g">18500.00</subfield>
    <subfield code="i">C1110465</subfield>
    <subfield code="l">3</subfield>
    <subfield code="o">516.22 L847 2007</subfield>
    <subfield code="p">0763946</subfield>
    <subfield code="r">2025-10-22 16:10:24</subfield>
    <subfield code="s">2025-10-10</subfield>
    <subfield code="t">23</subfield>
    <subfield code="w">2023-04-26</subfield>
    <subfield code="y">BOOKR</subfield>
  </datafield>
  <datafield tag="952" ind1=" " ind2=" ">
    <subfield code="0">0</subfield>
    <subfield code="1">0</subfield>
    <subfield code="4">0</subfield>
    <subfield code="7">0</subfield>
    <subfield code="8">GEN</subfield>
    <subfield code="a">BC</subfield>
    <subfield code="b">BC</subfield>
    <subfield code="d">2013-06-25</subfield>
    <subfield code="e">Material adquirido por donaci&#xF3;n</subfield>
    <subfield code="i">C1179460</subfield>
    <subfield code="l">1</subfield>
    <subfield code="o">516.22 L847 2007 e27</subfield>
    <subfield code="p">0979563</subfield>
    <subfield code="r">2024-09-04 00:00:00</subfield>
    <subfield code="s">2024-08-14</subfield>
    <subfield code="t">24</subfield>
    <subfield code="w">2023-04-26</subfield>
    <subfield code="y">BOOK</subfield>
  </datafield>
  <datafield tag="952" ind1=" " ind2=" ">
    <subfield code="0">0</subfield>
    <subfield code="1">0</subfield>
    <subfield code="4">0</subfield>
    <subfield code="7">0</subfield>
    <subfield code="8">GENERAL</subfield>
    <subfield code="a">PTOBE</subfield>
    <subfield code="b">PTOBE</subfield>
    <subfield code="d">2012-02-07</subfield>
    <subfield code="i">C1135793</subfield>
    <subfield code="l">0</subfield>
    <subfield code="o">516.22 L847 2008 DVD4 E4</subfield>
    <subfield code="p">0691109</subfield>
    <subfield code="r">2023-04-26 00:00:00</subfield>
    <subfield code="t">25</subfield>
    <subfield code="w">2023-04-26</subfield>
    <subfield code="y">DIGITAL</subfield>
  </datafield>
  <datafield tag="952" ind1=" " ind2=" ">
    <subfield code="0">0</subfield>
    <subfield code="1">0</subfield>
    <subfield code="2">ddc</subfield>
    <subfield code="4">0</subfield>
    <subfield code="7">0</subfield>
    <subfield code="8">GENERAL</subfield>
    <subfield code="a">SCDM</subfield>
    <subfield code="b">SCDM</subfield>
    <subfield code="d">2012-11-15</subfield>
    <subfield code="e">Material adquirido por donaci&#xF3;n</subfield>
    <subfield code="i">C1162209</subfield>
    <subfield code="l">4</subfield>
    <subfield code="o">516.22 L847 2007 Ej.2</subfield>
    <subfield code="p">91928</subfield>
    <subfield code="q">2026-05-21</subfield>
    <subfield code="r">2026-04-07 12:50:58</subfield>
    <subfield code="s">2026-04-07</subfield>
    <subfield code="t">26</subfield>
    <subfield code="w">2023-04-26</subfield>
    <subfield code="y">BOOK</subfield>
  </datafield>
  <datafield tag="952" ind1=" " ind2=" ">
    <subfield code="0">0</subfield>
    <subfield code="1">0</subfield>
    <subfield code="2">ddc</subfield>
    <subfield code="4">0</subfield>
    <subfield code="7">0</subfield>
    <subfield code="8">GENERAL</subfield>
    <subfield code="a">SCDM</subfield>
    <subfield code="b">SCDM</subfield>
    <subfield code="d">2012-09-10</subfield>
    <subfield code="e">Cooprudea</subfield>
    <subfield code="g">28000.00</subfield>
    <subfield code="i">C1155061</subfield>
    <subfield code="l">1</subfield>
    <subfield code="o">516.22 L847 2007 e5</subfield>
    <subfield code="p">95720</subfield>
    <subfield code="r">2025-10-21 17:32:00</subfield>
    <subfield code="s">2025-02-25</subfield>
    <subfield code="t">27</subfield>
    <subfield code="w">2023-04-26</subfield>
    <subfield code="y">BOOKI</subfield>
  </datafield>
  <datafield tag="952" ind1=" " ind2=" ">
    <subfield code="0">0</subfield>
    <subfield code="1">0</subfield>
    <subfield code="4">0</subfield>
    <subfield code="7">0</subfield>
    <subfield code="8">GENERAL</subfield>
    <subfield code="a">PTOBE</subfield>
    <subfield code="b">PTOBE</subfield>
    <subfield code="d">2012-02-07</subfield>
    <subfield code="i">C1135794</subfield>
    <subfield code="l">0</subfield>
    <subfield code="o">516.22 L847 2008 DVD5 E1</subfield>
    <subfield code="p">0739756</subfield>
    <subfield code="r">2023-04-26 00:00:00</subfield>
    <subfield code="t">28</subfield>
    <subfield code="w">2023-04-26</subfield>
    <subfield code="y">DIGITAL</subfield>
  </datafield>
  <datafield tag="952" ind1=" " ind2=" ">
    <subfield code="0">0</subfield>
    <subfield code="1">0</subfield>
    <subfield code="4">0</subfield>
    <subfield code="7">0</subfield>
    <subfield code="8">GENERAL</subfield>
    <subfield code="a">PTOBE</subfield>
    <subfield code="b">PTOBE</subfield>
    <subfield code="d">2011-03-04</subfield>
    <subfield code="e">Cooprudea</subfield>
    <subfield code="g">18500.00</subfield>
    <subfield code="i">C1110466</subfield>
    <subfield code="l">4</subfield>
    <subfield code="o">516.22 L847 2007 e2</subfield>
    <subfield code="p">0763944</subfield>
    <subfield code="r">2025-12-02 15:49:59</subfield>
    <subfield code="s">2025-11-25</subfield>
    <subfield code="t">29</subfield>
    <subfield code="w">2023-04-26</subfield>
    <subfield code="y">BOOKR</subfield>
  </datafield>
  <datafield tag="952" ind1=" " ind2=" ">
    <subfield code="0">0</subfield>
    <subfield code="1">0</subfield>
    <subfield code="4">0</subfield>
    <subfield code="7">0</subfield>
    <subfield code="8">GENERAL</subfield>
    <subfield code="a">PTOBE</subfield>
    <subfield code="b">PTOBE</subfield>
    <subfield code="d">2012-02-07</subfield>
    <subfield code="i">C1135795</subfield>
    <subfield code="l">0</subfield>
    <subfield code="o">516.22 L847 2008 DVD5 E5</subfield>
    <subfield code="p">0739754</subfield>
    <subfield code="r">2023-04-26 00:00:00</subfield>
    <subfield code="t">30</subfield>
    <subfield code="w">2023-04-26</subfield>
    <subfield code="y">DIGITAL</subfield>
  </datafield>
  <datafield tag="952" ind1=" " ind2=" ">
    <subfield code="0">0</subfield>
    <subfield code="1">0</subfield>
    <subfield code="4">0</subfield>
    <subfield code="7">0</subfield>
    <subfield code="8">GENERAL</subfield>
    <subfield code="a">PTOBE</subfield>
    <subfield code="b">PTOBE</subfield>
    <subfield code="d">2012-02-07</subfield>
    <subfield code="i">C1135796</subfield>
    <subfield code="l">0</subfield>
    <subfield code="o">516.22 L847 2008 DVD5 E4</subfield>
    <subfield code="p">0739759</subfield>
    <subfield code="r">2023-04-26 00:00:00</subfield>
    <subfield code="t">32</subfield>
    <subfield code="w">2023-04-26</subfield>
    <subfield code="y">DIGITAL</subfield>
  </datafield>
  <datafield tag="952" ind1=" " ind2=" ">
    <subfield code="0">0</subfield>
    <subfield code="1">0</subfield>
    <subfield code="2">ddc</subfield>
    <subfield code="4">0</subfield>
    <subfield code="7">0</subfield>
    <subfield code="8">GENERAL</subfield>
    <subfield code="a">BC</subfield>
    <subfield code="b">BC</subfield>
    <subfield code="d">2008-09-19</subfield>
    <subfield code="i">C1018043</subfield>
    <subfield code="l">7</subfield>
    <subfield code="o">516.22 L847 2006 e4</subfield>
    <subfield code="p">0728919</subfield>
    <subfield code="r">2026-04-09 09:14:19</subfield>
    <subfield code="s">2026-03-11</subfield>
    <subfield code="t">34</subfield>
    <subfield code="w">2023-04-26</subfield>
    <subfield code="y">BOOK</subfield>
  </datafield>
  <datafield tag="952" ind1=" " ind2=" ">
    <subfield code="0">0</subfield>
    <subfield code="1">0</subfield>
    <subfield code="2">ddc</subfield>
    <subfield code="4">0</subfield>
    <subfield code="7">0</subfield>
    <subfield code="8">GENERAL</subfield>
    <subfield code="a">BAPAR</subfield>
    <subfield code="b">BAPAR</subfield>
    <subfield code="d">2012-02-07</subfield>
    <subfield code="i">C1135797</subfield>
    <subfield code="l">4</subfield>
    <subfield code="m">1</subfield>
    <subfield code="o">516.22 L847 2007 e4</subfield>
    <subfield code="p">0691656</subfield>
    <subfield code="q">2026-04-21</subfield>
    <subfield code="r">2026-03-02 13:10:59</subfield>
    <subfield code="s">2026-03-02</subfield>
    <subfield code="t">35</subfield>
    <subfield code="w">2023-04-26</subfield>
    <subfield code="y">BOOK</subfield>
  </datafield>
  <datafield tag="952" ind1=" " ind2=" ">
    <subfield code="0">0</subfield>
    <subfield code="1">0</subfield>
    <subfield code="4">0</subfield>
    <subfield code="7">0</subfield>
    <subfield code="8">GEN</subfield>
    <subfield code="a">BC</subfield>
    <subfield code="b">BC</subfield>
    <subfield code="d">2008-06-16</subfield>
    <subfield code="e">Material adquirido por donaci&#xF3;n</subfield>
    <subfield code="i">C1006391</subfield>
    <subfield code="l">4</subfield>
    <subfield code="o">516.22 L847 2006</subfield>
    <subfield code="p">0725982</subfield>
    <subfield code="r">2025-12-05 08:46:56</subfield>
    <subfield code="s">2025-09-23</subfield>
    <subfield code="t">36</subfield>
    <subfield code="w">2023-04-26</subfield>
    <subfield code="y">BOOK</subfield>
  </datafield>
  <datafield tag="952" ind1=" " ind2=" ">
    <subfield code="0">0</subfield>
    <subfield code="1">0</subfield>
    <subfield code="2">ddc</subfield>
    <subfield code="4">0</subfield>
    <subfield code="7">0</subfield>
    <subfield code="8">GENERAL</subfield>
    <subfield code="a">BAPAR</subfield>
    <subfield code="b">BAPAR</subfield>
    <subfield code="d">2012-02-07</subfield>
    <subfield code="i">C1135798</subfield>
    <subfield code="l">3</subfield>
    <subfield code="o">516.22 L847 2008 E5</subfield>
    <subfield code="p">0691657</subfield>
    <subfield code="r">2026-03-26 08:57:55</subfield>
    <subfield code="s">2026-02-10</subfield>
    <subfield code="t">37</subfield>
    <subfield code="w">2023-04-26</subfield>
    <subfield code="y">BOOK</subfield>
  </datafield>
  <datafield tag="952" ind1=" " ind2=" ">
    <subfield code="0">0</subfield>
    <subfield code="1">0</subfield>
    <subfield code="4">0</subfield>
    <subfield code="7">0</subfield>
    <subfield code="8">GENERAL</subfield>
    <subfield code="a">PTOBE</subfield>
    <subfield code="b">PTOBE</subfield>
    <subfield code="d">2012-02-07</subfield>
    <subfield code="i">C1135799</subfield>
    <subfield code="l">0</subfield>
    <subfield code="o">516.22 L847 2008 DVD1 E3</subfield>
    <subfield code="p">0691094</subfield>
    <subfield code="r">2023-04-26 00:00:00</subfield>
    <subfield code="t">38</subfield>
    <subfield code="w">2023-04-26</subfield>
    <subfield code="y">DIGITAL</subfield>
  </datafield>
  <datafield tag="952" ind1=" " ind2=" ">
    <subfield code="0">0</subfield>
    <subfield code="1">0</subfield>
    <subfield code="4">0</subfield>
    <subfield code="7">0</subfield>
    <subfield code="8">GENERAL</subfield>
    <subfield code="a">PTOBE</subfield>
    <subfield code="b">PTOBE</subfield>
    <subfield code="d">2012-02-07</subfield>
    <subfield code="i">C1135800</subfield>
    <subfield code="l">0</subfield>
    <subfield code="o">516.22 L847 2008 DVD2 E2</subfield>
    <subfield code="p">0691099</subfield>
    <subfield code="r">2023-04-26 00:00:00</subfield>
    <subfield code="t">39</subfield>
    <subfield code="w">2023-04-26</subfield>
    <subfield code="y">DIGITAL</subfield>
  </datafield>
  <datafield tag="952" ind1=" " ind2=" ">
    <subfield code="0">0</subfield>
    <subfield code="1">0</subfield>
    <subfield code="4">0</subfield>
    <subfield code="7">0</subfield>
    <subfield code="8">GENERAL</subfield>
    <subfield code="a">PTOBE</subfield>
    <subfield code="b">PTOBE</subfield>
    <subfield code="d">2012-02-07</subfield>
    <subfield code="i">C1135801</subfield>
    <subfield code="l">0</subfield>
    <subfield code="o">516.22 L847 2008 DVD2 E3</subfield>
    <subfield code="p">0691100</subfield>
    <subfield code="r">2023-04-26 00:00:00</subfield>
    <subfield code="t">40</subfield>
    <subfield code="w">2023-04-26</subfield>
    <subfield code="y">DIGITAL</subfield>
  </datafield>
  <datafield tag="952" ind1=" " ind2=" ">
    <subfield code="0">0</subfield>
    <subfield code="1">0</subfield>
    <subfield code="4">0</subfield>
    <subfield code="7">0</subfield>
    <subfield code="8">GENERAL</subfield>
    <subfield code="a">PTOBE</subfield>
    <subfield code="b">PTOBE</subfield>
    <subfield code="d">2012-02-07</subfield>
    <subfield code="i">C1135802</subfield>
    <subfield code="l">0</subfield>
    <subfield code="o">516.22 L847 2008 DVD2 E4</subfield>
    <subfield code="p">0691098</subfield>
    <subfield code="r">2023-04-26 00:00:00</subfield>
    <subfield code="t">41</subfield>
    <subfield code="w">2023-04-26</subfield>
    <subfield code="y">DIGITAL</subfield>
  </datafield>
  <datafield tag="952" ind1=" " ind2=" ">
    <subfield code="0">0</subfield>
    <subfield code="1">0</subfield>
    <subfield code="4">0</subfield>
    <subfield code="7">0</subfield>
    <subfield code="8">GENERAL</subfield>
    <subfield code="a">PTOBE</subfield>
    <subfield code="b">PTOBE</subfield>
    <subfield code="d">2012-02-07</subfield>
    <subfield code="i">C1135803</subfield>
    <subfield code="l">0</subfield>
    <subfield code="o">516.22 L847 2008 DVD3 E4</subfield>
    <subfield code="p">0691105</subfield>
    <subfield code="r">2023-04-26 00:00:00</subfield>
    <subfield code="t">42</subfield>
    <subfield code="w">2023-04-26</subfield>
    <subfield code="y">DIGITAL</subfield>
  </datafield>
  <datafield tag="952" ind1=" " ind2=" ">
    <subfield code="0">0</subfield>
    <subfield code="1">0</subfield>
    <subfield code="4">0</subfield>
    <subfield code="7">0</subfield>
    <subfield code="8">GENERAL</subfield>
    <subfield code="a">PTOBE</subfield>
    <subfield code="b">PTOBE</subfield>
    <subfield code="d">2012-02-07</subfield>
    <subfield code="i">C1135804</subfield>
    <subfield code="l">1</subfield>
    <subfield code="o">516.22 L847 2008 DVD3 E5</subfield>
    <subfield code="p">0691103</subfield>
    <subfield code="r">2025-10-11 12:18:48</subfield>
    <subfield code="s">2025-10-11</subfield>
    <subfield code="t">43</subfield>
    <subfield code="w">2023-04-26</subfield>
    <subfield code="y">DIGITAL</subfield>
  </datafield>
  <datafield tag="952" ind1=" " ind2=" ">
    <subfield code="0">0</subfield>
    <subfield code="1">0</subfield>
    <subfield code="4">0</subfield>
    <subfield code="7">0</subfield>
    <subfield code="8">GENERAL</subfield>
    <subfield code="a">PTOBE</subfield>
    <subfield code="b">PTOBE</subfield>
    <subfield code="d">2012-02-07</subfield>
    <subfield code="i">C1135805</subfield>
    <subfield code="l">0</subfield>
    <subfield code="o">516.22 L847 2008 DVD4 E1</subfield>
    <subfield code="p">0691110</subfield>
    <subfield code="r">2023-04-26 00:00:00</subfield>
    <subfield code="t">44</subfield>
    <subfield code="w">2023-04-26</subfield>
    <subfield code="y">DIGITAL</subfield>
  </datafield>
  <datafield tag="952" ind1=" " ind2=" ">
    <subfield code="0">0</subfield>
    <subfield code="1">0</subfield>
    <subfield code="4">0</subfield>
    <subfield code="7">0</subfield>
    <subfield code="8">GENERAL</subfield>
    <subfield code="a">PTOBE</subfield>
    <subfield code="b">PTOBE</subfield>
    <subfield code="d">2012-02-07</subfield>
    <subfield code="i">C1135806</subfield>
    <subfield code="l">0</subfield>
    <subfield code="o">516.22 L847 2008 DVD4 E2</subfield>
    <subfield code="p">0691107</subfield>
    <subfield code="r">2023-04-26 00:00:00</subfield>
    <subfield code="t">45</subfield>
    <subfield code="w">2023-04-26</subfield>
    <subfield code="y">DIGITAL</subfield>
  </datafield>
  <datafield tag="952" ind1=" " ind2=" ">
    <subfield code="0">0</subfield>
    <subfield code="1">0</subfield>
    <subfield code="4">0</subfield>
    <subfield code="7">0</subfield>
    <subfield code="8">GENERAL</subfield>
    <subfield code="a">PTOBE</subfield>
    <subfield code="b">PTOBE</subfield>
    <subfield code="d">2012-02-07</subfield>
    <subfield code="i">C1135808</subfield>
    <subfield code="l">0</subfield>
    <subfield code="o">516.22 L847 2008 DVD5 E2</subfield>
    <subfield code="p">0739760</subfield>
    <subfield code="r">2023-04-26 00:00:00</subfield>
    <subfield code="t">46</subfield>
    <subfield code="w">2023-04-26</subfield>
    <subfield code="y">DIGITAL</subfield>
  </datafield>
  <datafield tag="952" ind1=" " ind2=" ">
    <subfield code="0">0</subfield>
    <subfield code="1">0</subfield>
    <subfield code="4">0</subfield>
    <subfield code="7">0</subfield>
    <subfield code="8">GENERAL</subfield>
    <subfield code="a">PTOBE</subfield>
    <subfield code="b">PTOBE</subfield>
    <subfield code="d">2012-02-07</subfield>
    <subfield code="i">C1135809</subfield>
    <subfield code="l">0</subfield>
    <subfield code="o">516.22 L847 2008 DVD5 E3</subfield>
    <subfield code="p">0739755</subfield>
    <subfield code="r">2023-04-26 00:00:00</subfield>
    <subfield code="t">47</subfield>
    <subfield code="w">2023-04-26</subfield>
    <subfield code="y">DIGITAL</subfield>
  </datafield>
  <datafield tag="952" ind1=" " ind2=" ">
    <subfield code="0">0</subfield>
    <subfield code="1">0</subfield>
    <subfield code="4">0</subfield>
    <subfield code="7">0</subfield>
    <subfield code="8">GENERAL</subfield>
    <subfield code="a">PTOBE</subfield>
    <subfield code="b">PTOBE</subfield>
    <subfield code="d">2012-02-07</subfield>
    <subfield code="i">C1135810</subfield>
    <subfield code="l">4</subfield>
    <subfield code="o">516.22 L847 2008 E3</subfield>
    <subfield code="p">0691655</subfield>
    <subfield code="r">2025-11-08 16:23:52</subfield>
    <subfield code="s">2025-10-07</subfield>
    <subfield code="t">48</subfield>
    <subfield code="w">2023-04-26</subfield>
    <subfield code="y">BOOK</subfield>
  </datafield>
  <datafield tag="952" ind1=" " ind2=" ">
    <subfield code="0">0</subfield>
    <subfield code="1">0</subfield>
    <subfield code="2">ddc</subfield>
    <subfield code="4">0</subfield>
    <subfield code="7">0</subfield>
    <subfield code="8">GENERAL</subfield>
    <subfield code="a">BAPAR</subfield>
    <subfield code="b">BAPAR</subfield>
    <subfield code="d">2012-02-07</subfield>
    <subfield code="i">C1135811</subfield>
    <subfield code="l">2</subfield>
    <subfield code="o">516.22 L847 2008 E6</subfield>
    <subfield code="p">0691658</subfield>
    <subfield code="r">2025-09-15 15:00:26</subfield>
    <subfield code="s">2025-08-14</subfield>
    <subfield code="t">49</subfield>
    <subfield code="w">2023-04-26</subfield>
    <subfield code="y">BOOK</subfield>
  </datafield>
  <datafield tag="952" ind1=" " ind2=" ">
    <subfield code="0">0</subfield>
    <subfield code="1">0</subfield>
    <subfield code="4">0</subfield>
    <subfield code="7">0</subfield>
    <subfield code="8">GENERAL</subfield>
    <subfield code="a">PTOBE</subfield>
    <subfield code="b">PTOBE</subfield>
    <subfield code="d">2012-02-07</subfield>
    <subfield code="i">C1135812</subfield>
    <subfield code="l">3</subfield>
    <subfield code="o">516.22 L847 2008 E7</subfield>
    <subfield code="p">0691659</subfield>
    <subfield code="r">2025-10-27 14:36:24</subfield>
    <subfield code="s">2025-10-10</subfield>
    <subfield code="t">50</subfield>
    <subfield code="w">2023-04-26</subfield>
    <subfield code="y">BOOK</subfield>
  </datafield>
  <datafield tag="952" ind1=" " ind2=" ">
    <subfield code="0">0</subfield>
    <subfield code="1">0</subfield>
    <subfield code="4">0</subfield>
    <subfield code="7">0</subfield>
    <subfield code="8">GENERAL</subfield>
    <subfield code="a">PTOBE</subfield>
    <subfield code="b">PTOBE</subfield>
    <subfield code="d">2012-02-07</subfield>
    <subfield code="i">C1135813</subfield>
    <subfield code="l">0</subfield>
    <subfield code="o">516.22 L847 2008 DVD1 E1</subfield>
    <subfield code="p">0691093</subfield>
    <subfield code="r">2023-04-26 00:00:00</subfield>
    <subfield code="t">51</subfield>
    <subfield code="w">2023-04-26</subfield>
    <subfield code="y">BOOK</subfield>
  </datafield>
  <datafield tag="952" ind1=" " ind2=" ">
    <subfield code="0">0</subfield>
    <subfield code="1">0</subfield>
    <subfield code="4">0</subfield>
    <subfield code="7">0</subfield>
    <subfield code="8">GENERAL</subfield>
    <subfield code="a">PTOBE</subfield>
    <subfield code="b">PTOBE</subfield>
    <subfield code="d">2012-02-07</subfield>
    <subfield code="i">C1135815</subfield>
    <subfield code="l">0</subfield>
    <subfield code="o">516.22 L847 2008 DVD1 E4</subfield>
    <subfield code="p">0691095</subfield>
    <subfield code="r">2023-04-26 00:00:00</subfield>
    <subfield code="t">52</subfield>
    <subfield code="w">2023-04-26</subfield>
    <subfield code="y">DIGITAL</subfield>
  </datafield>
  <datafield tag="952" ind1=" " ind2=" ">
    <subfield code="0">0</subfield>
    <subfield code="1">0</subfield>
    <subfield code="4">0</subfield>
    <subfield code="7">0</subfield>
    <subfield code="8">GENERAL</subfield>
    <subfield code="a">PTOBE</subfield>
    <subfield code="b">PTOBE</subfield>
    <subfield code="d">2012-02-07</subfield>
    <subfield code="i">C1135816</subfield>
    <subfield code="l">0</subfield>
    <subfield code="o">516.22 L847 2008 DVD1 E5</subfield>
    <subfield code="p">0691097</subfield>
    <subfield code="r">2023-04-26 00:00:00</subfield>
    <subfield code="t">53</subfield>
    <subfield code="w">2023-04-26</subfield>
    <subfield code="y">DIGITAL</subfield>
  </datafield>
  <datafield tag="952" ind1=" " ind2=" ">
    <subfield code="0">0</subfield>
    <subfield code="1">0</subfield>
    <subfield code="4">0</subfield>
    <subfield code="7">0</subfield>
    <subfield code="8">GENERAL</subfield>
    <subfield code="a">PTOBE</subfield>
    <subfield code="b">PTOBE</subfield>
    <subfield code="d">2012-02-07</subfield>
    <subfield code="i">C1135817</subfield>
    <subfield code="l">0</subfield>
    <subfield code="o">516.22 L847 2008 DVD2 E1</subfield>
    <subfield code="p">0691101</subfield>
    <subfield code="r">2023-04-26 00:00:00</subfield>
    <subfield code="t">54</subfield>
    <subfield code="w">2023-04-26</subfield>
    <subfield code="y">DIGITAL</subfield>
  </datafield>
  <datafield tag="952" ind1=" " ind2=" ">
    <subfield code="0">0</subfield>
    <subfield code="1">0</subfield>
    <subfield code="4">0</subfield>
    <subfield code="7">0</subfield>
    <subfield code="8">GENERAL</subfield>
    <subfield code="a">PTOBE</subfield>
    <subfield code="b">PTOBE</subfield>
    <subfield code="d">2012-02-07</subfield>
    <subfield code="i">C1135818</subfield>
    <subfield code="l">1</subfield>
    <subfield code="o">516.22 L847 2008 DVD2 E5</subfield>
    <subfield code="p">0691096</subfield>
    <subfield code="r">2025-10-11 11:55:59</subfield>
    <subfield code="s">2025-10-11</subfield>
    <subfield code="t">55</subfield>
    <subfield code="w">2023-04-26</subfield>
    <subfield code="y">DIGITAL</subfield>
  </datafield>
  <datafield tag="952" ind1=" " ind2=" ">
    <subfield code="0">0</subfield>
    <subfield code="1">0</subfield>
    <subfield code="4">0</subfield>
    <subfield code="7">0</subfield>
    <subfield code="8">GENERAL</subfield>
    <subfield code="a">PTOBE</subfield>
    <subfield code="b">PTOBE</subfield>
    <subfield code="d">2012-02-07</subfield>
    <subfield code="i">C1135819</subfield>
    <subfield code="l">0</subfield>
    <subfield code="o">516.22 L847 2008 DVD3 E1</subfield>
    <subfield code="p">0691104</subfield>
    <subfield code="r">2023-04-26 00:00:00</subfield>
    <subfield code="t">56</subfield>
    <subfield code="w">2023-04-26</subfield>
    <subfield code="y">DIGITAL</subfield>
  </datafield>
  <datafield tag="952" ind1=" " ind2=" ">
    <subfield code="0">0</subfield>
    <subfield code="1">0</subfield>
    <subfield code="4">0</subfield>
    <subfield code="7">0</subfield>
    <subfield code="8">GENERAL</subfield>
    <subfield code="a">PTOBE</subfield>
    <subfield code="b">PTOBE</subfield>
    <subfield code="d">2012-02-07</subfield>
    <subfield code="i">C1135820</subfield>
    <subfield code="l">0</subfield>
    <subfield code="o">516.22 L847 2008 DVD3 E2</subfield>
    <subfield code="p">0691102</subfield>
    <subfield code="r">2023-04-26 00:00:00</subfield>
    <subfield code="t">57</subfield>
    <subfield code="w">2023-04-26</subfield>
    <subfield code="y">DIGITAL</subfield>
  </datafield>
  <datafield tag="952" ind1=" " ind2=" ">
    <subfield code="0">0</subfield>
    <subfield code="1">0</subfield>
    <subfield code="4">0</subfield>
    <subfield code="7">0</subfield>
    <subfield code="8">GENERAL</subfield>
    <subfield code="a">PTOBE</subfield>
    <subfield code="b">PTOBE</subfield>
    <subfield code="d">2012-02-07</subfield>
    <subfield code="i">C1135821</subfield>
    <subfield code="l">0</subfield>
    <subfield code="o">516.22 L847 2008 DVD3 E3</subfield>
    <subfield code="p">0691106</subfield>
    <subfield code="r">2023-04-26 00:00:00</subfield>
    <subfield code="t">58</subfield>
    <subfield code="w">2023-04-26</subfield>
    <subfield code="y">DIGITAL</subfield>
  </datafield>
  <datafield tag="952" ind1=" " ind2=" ">
    <subfield code="0">0</subfield>
    <subfield code="1">0</subfield>
    <subfield code="4">0</subfield>
    <subfield code="7">0</subfield>
    <subfield code="8">GEN</subfield>
    <subfield code="a">BC</subfield>
    <subfield code="b">BC</subfield>
    <subfield code="d">2012-02-07</subfield>
    <subfield code="e">Material adquirido por donaci&#xF3;n</subfield>
    <subfield code="g">35000.00</subfield>
    <subfield code="i">C1136419</subfield>
    <subfield code="l">0</subfield>
    <subfield code="o">516.22 L847 2007 e29</subfield>
    <subfield code="p">1045699</subfield>
    <subfield code="r">2023-04-26 00:00:00</subfield>
    <subfield code="t">59</subfield>
    <subfield code="w">2023-04-26</subfield>
    <subfield code="y">BOOK</subfield>
  </datafield>
  <datafield tag="952" ind1=" " ind2=" ">
    <subfield code="0">0</subfield>
    <subfield code="1">0</subfield>
    <subfield code="4">0</subfield>
    <subfield code="7">0</subfield>
    <subfield code="8">GENERAL</subfield>
    <subfield code="a">PTOBE</subfield>
    <subfield code="b">PTOBE</subfield>
    <subfield code="d">2013-04-13</subfield>
    <subfield code="e">Material adquirido por donaci&#xF3;n</subfield>
    <subfield code="i">C1172214</subfield>
    <subfield code="l">3</subfield>
    <subfield code="o">516.22 L847 2008 e8</subfield>
    <subfield code="p">84262</subfield>
    <subfield code="r">2025-11-18 14:04:07</subfield>
    <subfield code="s">2025-10-11</subfield>
    <subfield code="t">60</subfield>
    <subfield code="w">2023-04-26</subfield>
    <subfield code="y">BOOK</subfield>
  </datafield>
  <datafield tag="952" ind1=" " ind2=" ">
    <subfield code="0">0</subfield>
    <subfield code="1">0</subfield>
    <subfield code="4">0</subfield>
    <subfield code="7">0</subfield>
    <subfield code="8">GENERAL</subfield>
    <subfield code="a">ANDES</subfield>
    <subfield code="b">ANDES</subfield>
    <subfield code="d">2013-05-14</subfield>
    <subfield code="e">Material adquirido por donaci&#xF3;n</subfield>
    <subfield code="i">C1175037</subfield>
    <subfield code="l">1</subfield>
    <subfield code="o">516.22 L847 2007 e2</subfield>
    <subfield code="p">94393</subfield>
    <subfield code="r">2025-09-05 16:39:03</subfield>
    <subfield code="s">2025-08-11</subfield>
    <subfield code="t">61</subfield>
    <subfield code="w">2023-04-26</subfield>
    <subfield code="y">BOOK</subfield>
  </datafield>
  <datafield tag="952" ind1=" " ind2=" ">
    <subfield code="0">0</subfield>
    <subfield code="1">0</subfield>
    <subfield code="4">0</subfield>
    <subfield code="7">0</subfield>
    <subfield code="8">GEN</subfield>
    <subfield code="a">BC</subfield>
    <subfield code="b">BC</subfield>
    <subfield code="d">2013-06-25</subfield>
    <subfield code="e">Material adquirido por donaci&#xF3;n</subfield>
    <subfield code="i">C1179461</subfield>
    <subfield code="l">5</subfield>
    <subfield code="m">1</subfield>
    <subfield code="o">516.22 L847 2007 e28</subfield>
    <subfield code="p">0979560</subfield>
    <subfield code="q">2026-06-26</subfield>
    <subfield code="r">2026-04-07 18:55:38</subfield>
    <subfield code="s">2026-04-07</subfield>
    <subfield code="t">62</subfield>
    <subfield code="w">2023-04-26</subfield>
    <subfield code="y">BOOK</subfield>
  </datafield>
  <datafield tag="952" ind1=" " ind2=" ">
    <subfield code="0">0</subfield>
    <subfield code="1">0</subfield>
    <subfield code="4">0</subfield>
    <subfield code="7">0</subfield>
    <subfield code="8">GEN</subfield>
    <subfield code="a">BC</subfield>
    <subfield code="b">BC</subfield>
    <subfield code="d">2015-06-10</subfield>
    <subfield code="e">CIS (Corporacion Interuniversitaria de Servicios)</subfield>
    <subfield code="g">19000.00</subfield>
    <subfield code="i">C1227169</subfield>
    <subfield code="l">2</subfield>
    <subfield code="o">516.22 L847 2007 e34</subfield>
    <subfield code="p">1039967</subfield>
    <subfield code="r">2025-03-13 17:03:51</subfield>
    <subfield code="s">2024-04-01</subfield>
    <subfield code="t">63</subfield>
    <subfield code="w">2023-04-26</subfield>
    <subfield code="y">BOOK</subfield>
  </datafield>
  <datafield tag="952" ind1=" " ind2=" ">
    <subfield code="0">0</subfield>
    <subfield code="1">0</subfield>
    <subfield code="4">0</subfield>
    <subfield code="7">0</subfield>
    <subfield code="8">GEN</subfield>
    <subfield code="a">BC</subfield>
    <subfield code="b">BC</subfield>
    <subfield code="d">2015-06-24</subfield>
    <subfield code="e">Material pagado con el mismo t&#xED;tulo</subfield>
    <subfield code="g">30000.00</subfield>
    <subfield code="i">C1228040</subfield>
    <subfield code="l">0</subfield>
    <subfield code="o">516.22 L847 2007 e35</subfield>
    <subfield code="p">01005808</subfield>
    <subfield code="r">2023-04-26 00:00:00</subfield>
    <subfield code="t">64</subfield>
    <subfield code="w">2023-04-26</subfield>
    <subfield code="y">BOOK</subfield>
  </datafield>
  <datafield tag="952" ind1=" " ind2=" ">
    <subfield code="0">0</subfield>
    <subfield code="1">0</subfield>
    <subfield code="4">0</subfield>
    <subfield code="7">0</subfield>
    <subfield code="8">GEN</subfield>
    <subfield code="a">BC</subfield>
    <subfield code="b">BC</subfield>
    <subfield code="d">2016-04-01</subfield>
    <subfield code="e">Material pagado con el mismo t&#xED;tulo</subfield>
    <subfield code="g">19000.00</subfield>
    <subfield code="i">C1242247</subfield>
    <subfield code="l">11</subfield>
    <subfield code="m">2</subfield>
    <subfield code="o">516.22 L847 2007 e36</subfield>
    <subfield code="p">01009022</subfield>
    <subfield code="r">2025-08-25 09:02:33</subfield>
    <subfield code="s">2025-06-20</subfield>
    <subfield code="t">65</subfield>
    <subfield code="w">2023-04-26</subfield>
    <subfield code="y">BOOK</subfield>
  </datafield>
  <datafield tag="952" ind1=" " ind2=" ">
    <subfield code="0">0</subfield>
    <subfield code="1">0</subfield>
    <subfield code="4">0</subfield>
    <subfield code="7">0</subfield>
    <subfield code="8">GEN</subfield>
    <subfield code="a">BC</subfield>
    <subfield code="b">BC</subfield>
    <subfield code="d">2013-06-25</subfield>
    <subfield code="e">Material adquirido por donaci&#xF3;n</subfield>
    <subfield code="g">35000.00</subfield>
    <subfield code="i">C1179452</subfield>
    <subfield code="l">10</subfield>
    <subfield code="m">1</subfield>
    <subfield code="o">516.22 L847 2007 e21</subfield>
    <subfield code="p">1019610</subfield>
    <subfield code="q">2026-05-22</subfield>
    <subfield code="r">2026-04-21 11:47:11</subfield>
    <subfield code="s">2026-04-21</subfield>
    <subfield code="t">66</subfield>
    <subfield code="w">2023-04-26</subfield>
    <subfield code="y">BOOK</subfield>
  </datafield>
  <datafield tag="952" ind1=" " ind2=" ">
    <subfield code="0">0</subfield>
    <subfield code="1">0</subfield>
    <subfield code="4">0</subfield>
    <subfield code="7">0</subfield>
    <subfield code="8">GEN</subfield>
    <subfield code="a">BC</subfield>
    <subfield code="b">BC</subfield>
    <subfield code="d">2016-07-18</subfield>
    <subfield code="e">Material adquirido por donaci&#xF3;n</subfield>
    <subfield code="g">35000.00</subfield>
    <subfield code="i">C1247654</subfield>
    <subfield code="l">2</subfield>
    <subfield code="o">516.22 L847 2007 e39</subfield>
    <subfield code="p">1019611</subfield>
    <subfield code="r">2026-05-07 18:48:07</subfield>
    <subfield code="s">2024-04-26</subfield>
    <subfield code="t">67</subfield>
    <subfield code="w">2023-04-26</subfield>
    <subfield code="y">BOOK</subfield>
  </datafield>
  <datafield tag="952" ind1=" " ind2=" ">
    <subfield code="0">0</subfield>
    <subfield code="1">0</subfield>
    <subfield code="4">0</subfield>
    <subfield code="7">0</subfield>
    <subfield code="8">GEN</subfield>
    <subfield code="a">BC</subfield>
    <subfield code="b">BC</subfield>
    <subfield code="d">2016-10-13</subfield>
    <subfield code="e">Material adquirido por donaci&#xF3;n</subfield>
    <subfield code="g">42000.00</subfield>
    <subfield code="i">C1252815</subfield>
    <subfield code="l">7</subfield>
    <subfield code="m">4</subfield>
    <subfield code="o">516.22 L847 2007 e37</subfield>
    <subfield code="p">1015676</subfield>
    <subfield code="r">2026-05-06 18:33:34</subfield>
    <subfield code="s">2025-08-22</subfield>
    <subfield code="t">68</subfield>
    <subfield code="w">2023-04-26</subfield>
    <subfield code="y">BOOK</subfield>
  </datafield>
  <datafield tag="952" ind1=" " ind2=" ">
    <subfield code="0">0</subfield>
    <subfield code="1">0</subfield>
    <subfield code="2">ddc</subfield>
    <subfield code="4">0</subfield>
    <subfield code="7">0</subfield>
    <subfield code="8">GEN</subfield>
    <subfield code="a">BC</subfield>
    <subfield code="b">BC</subfield>
    <subfield code="d">2016-10-13</subfield>
    <subfield code="e">Material adquirido por donaci&#xF3;n</subfield>
    <subfield code="g">42000.00</subfield>
    <subfield code="i">C1252821</subfield>
    <subfield code="l">6</subfield>
    <subfield code="m">1</subfield>
    <subfield code="o">516.22 L847 2006 e38</subfield>
    <subfield code="p">1015675</subfield>
    <subfield code="r">2026-05-05 15:58:45</subfield>
    <subfield code="s">2026-04-14</subfield>
    <subfield code="t">69</subfield>
    <subfield code="w">2023-04-26</subfield>
    <subfield code="y">BOOK</subfield>
  </datafield>
  <datafield tag="952" ind1=" " ind2=" ">
    <subfield code="0">0</subfield>
    <subfield code="1">0</subfield>
    <subfield code="2">ddc</subfield>
    <subfield code="4">0</subfield>
    <subfield code="7">0</subfield>
    <subfield code="8">GEN</subfield>
    <subfield code="a">BC</subfield>
    <subfield code="b">BC</subfield>
    <subfield code="d">2017-05-31</subfield>
    <subfield code="e">Material adquirido por donaci&#xF3;n</subfield>
    <subfield code="g">44000.00</subfield>
    <subfield code="i">C1262998</subfield>
    <subfield code="l">10</subfield>
    <subfield code="m">2</subfield>
    <subfield code="o">516.22 L847 2007 e40</subfield>
    <subfield code="p">1026652</subfield>
    <subfield code="q">2026-05-29</subfield>
    <subfield code="r">2026-04-28 10:00:50</subfield>
    <subfield code="s">2026-04-28</subfield>
    <subfield code="t">71</subfield>
    <subfield code="w">2023-04-26</subfield>
    <subfield code="y">BOOK</subfield>
  </datafield>
  <datafield tag="952" ind1=" " ind2=" ">
    <subfield code="0">0</subfield>
    <subfield code="1">0</subfield>
    <subfield code="2">ddc</subfield>
    <subfield code="4">0</subfield>
    <subfield code="7">0</subfield>
    <subfield code="8">GEN</subfield>
    <subfield code="a">BC</subfield>
    <subfield code="b">BC</subfield>
    <subfield code="d">2017-07-14</subfield>
    <subfield code="e">Material pagado con el mismo t&#xED;tulo</subfield>
    <subfield code="g">19000.00</subfield>
    <subfield code="i">C1264704</subfield>
    <subfield code="l">9</subfield>
    <subfield code="m">1</subfield>
    <subfield code="o">516.22 L847 2007 e41</subfield>
    <subfield code="p">1026816</subfield>
    <subfield code="q">2026-05-28</subfield>
    <subfield code="r">2026-04-28 18:54:00</subfield>
    <subfield code="s">2026-04-28</subfield>
    <subfield code="t">72</subfield>
    <subfield code="w">2023-04-26</subfield>
    <subfield code="y">BOOK</subfield>
  </datafield>
  <datafield tag="952" ind1=" " ind2=" ">
    <subfield code="0">0</subfield>
    <subfield code="1">0</subfield>
    <subfield code="2">ddc</subfield>
    <subfield code="4">0</subfield>
    <subfield code="7">0</subfield>
    <subfield code="8">GEN</subfield>
    <subfield code="a">BC</subfield>
    <subfield code="b">BC</subfield>
    <subfield code="d">2017-08-31</subfield>
    <subfield code="i">C1267365</subfield>
    <subfield code="l">11</subfield>
    <subfield code="o">516.22 L847 2007 e42</subfield>
    <subfield code="p">0979566</subfield>
    <subfield code="q">2026-05-19</subfield>
    <subfield code="r">2026-04-15 14:59:34</subfield>
    <subfield code="s">2026-04-15</subfield>
    <subfield code="t">73</subfield>
    <subfield code="w">2023-04-26</subfield>
    <subfield code="y">BOOK</subfield>
  </datafield>
  <datafield tag="952" ind1=" " ind2=" ">
    <subfield code="0">0</subfield>
    <subfield code="1">0</subfield>
    <subfield code="2">ddc</subfield>
    <subfield code="4">0</subfield>
    <subfield code="7">0</subfield>
    <subfield code="8">GEN</subfield>
    <subfield code="a">BC</subfield>
    <subfield code="b">BC</subfield>
    <subfield code="d">2017-10-19</subfield>
    <subfield code="e">Material adquirido por donaci&#xF3;n</subfield>
    <subfield code="g">28000.00</subfield>
    <subfield code="i">C1271323</subfield>
    <subfield code="l">8</subfield>
    <subfield code="m">4</subfield>
    <subfield code="o">516.22 L847 2007 e43</subfield>
    <subfield code="p">1036865</subfield>
    <subfield code="r">2026-05-07 18:47:52</subfield>
    <subfield code="s">2025-11-05</subfield>
    <subfield code="t">74</subfield>
    <subfield code="w">2023-04-26</subfield>
    <subfield code="y">BOOK</subfield>
  </datafield>
  <datafield tag="952" ind1=" " ind2=" ">
    <subfield code="0">0</subfield>
    <subfield code="1">0</subfield>
    <subfield code="4">0</subfield>
    <subfield code="7">0</subfield>
    <subfield code="8">GEN</subfield>
    <subfield code="a">BC</subfield>
    <subfield code="b">BC</subfield>
    <subfield code="d">2018-02-28</subfield>
    <subfield code="e">Material adquirido por donaci&#xF3;n</subfield>
    <subfield code="g">42000.00</subfield>
    <subfield code="i">C1278607</subfield>
    <subfield code="l">10</subfield>
    <subfield code="m">4</subfield>
    <subfield code="o">516.22 L847 2007 e44</subfield>
    <subfield code="p">1042559</subfield>
    <subfield code="r">2025-12-05 15:04:21</subfield>
    <subfield code="s">2025-08-21</subfield>
    <subfield code="t">75</subfield>
    <subfield code="w">2023-04-26</subfield>
    <subfield code="y">BOOK</subfield>
  </datafield>
  <datafield tag="952" ind1=" " ind2=" ">
    <subfield code="0">0</subfield>
    <subfield code="1">0</subfield>
    <subfield code="4">0</subfield>
    <subfield code="7">0</subfield>
    <subfield code="8">GEN</subfield>
    <subfield code="a">BC</subfield>
    <subfield code="b">BC</subfield>
    <subfield code="d">2018-02-28</subfield>
    <subfield code="e">Material adquirido por donaci&#xF3;n</subfield>
    <subfield code="g">42000.00</subfield>
    <subfield code="i">C1278609</subfield>
    <subfield code="l">0</subfield>
    <subfield code="o">516.22 L847 2007 e45</subfield>
    <subfield code="p">1042619</subfield>
    <subfield code="r">2023-04-26 00:00:00</subfield>
    <subfield code="t">76</subfield>
    <subfield code="w">2023-04-26</subfield>
    <subfield code="y">BOOK</subfield>
  </datafield>
  <datafield tag="952" ind1=" " ind2=" ">
    <subfield code="0">0</subfield>
    <subfield code="1">0</subfield>
    <subfield code="4">0</subfield>
    <subfield code="7">0</subfield>
    <subfield code="8">GEN</subfield>
    <subfield code="a">BC</subfield>
    <subfield code="b">BNORD</subfield>
    <subfield code="d">2018-08-01</subfield>
    <subfield code="e">Material adquirido por donaci&#xF3;n</subfield>
    <subfield code="g">42000.00</subfield>
    <subfield code="i">C1291476</subfield>
    <subfield code="l">5</subfield>
    <subfield code="m">2</subfield>
    <subfield code="o">516.22 L847 2007 e46</subfield>
    <subfield code="p">01059137</subfield>
    <subfield code="r">2024-12-02 00:00:00</subfield>
    <subfield code="s">2024-11-12</subfield>
    <subfield code="t">77</subfield>
    <subfield code="w">2023-04-26</subfield>
    <subfield code="y">BOOK</subfield>
  </datafield>
  <datafield tag="952" ind1=" " ind2=" ">
    <subfield code="0">0</subfield>
    <subfield code="1">0</subfield>
    <subfield code="4">0</subfield>
    <subfield code="7">0</subfield>
    <subfield code="8">GEN</subfield>
    <subfield code="a">BC</subfield>
    <subfield code="b">ENCU01</subfield>
    <subfield code="d">2022-09-06</subfield>
    <subfield code="e">Material pagado por sanci&#xF3;n</subfield>
    <subfield code="g">25000.00</subfield>
    <subfield code="i">C13326499</subfield>
    <subfield code="l">5</subfield>
    <subfield code="m">4</subfield>
    <subfield code="o">516.22 L847 2007 e38</subfield>
    <subfield code="p">01076146</subfield>
    <subfield code="r">2025-05-16 14:54:32</subfield>
    <subfield code="s">2024-10-11</subfield>
    <subfield code="t">79</subfield>
    <subfield code="w">2023-04-26</subfield>
    <subfield code="y">BOOK</subfield>
  </datafield>
</record>
